La Divisió territorial de Catalunya / Generalitat de Catalunya, Conselleria d'Economia
Descripción Física:
116 p. : il., map., [71] p. de làm. ; 22 cm
MARC
| LEADER | 00000nam a2200000Ia 4500 | ||
|---|---|---|---|
| 001 | 9261 | ||
| 008 | 160829s1937 xx 000 0 cat d | ||
| 080 | |a M-2-298 | ||
| 245 | |a La Divisió territorial de Catalunya / Generalitat de Catalunya, Conselleria d'Economia | ||
| 260 | |a Barcelona : |b la Conselleria, |c 1937 | ||
| 300 | |a 116 p. : |b il., map., [71] p. de làm. ; |c 22 cm | ||
| 651 | 0 | |a Catalunya |x Divisions administratives i polítiques |9 54246 | |
| 710 | 1 | |a Catalunya. |b Conselleria d'Economia |9 56401 | |
| 901 | |a Arxiu | ||
| 942 | |n 1 | ||
| 952 | |0 0 |1 0 |4 0 |6 M2298 |7 1 |9 42018 |a Arxiu |b Arxiu |d 2016-12-01 |l 0 |o M-2-298 |p 9261 |r 2016-12-01 00:00:00 |w 2016-12-01 |y ARXIU | ||
| 999 | |c 44465 |d 44465 | ||